Les joueurs de l'équipe de France avec le plus de sélection - Statistiques

Statistiques générales
  • Ce quiz a été pris 122 fois
  • Le résultat moyen est 10 sur 13
Statistiques - réponses
# Joueur Sélections % Correct
1 Hugo Lloris 145
100%
3 Antoine Griezmann 137
98%
3 Olivier Giroud 137
93%
6 Zinédine Zidane 108
92%
10 Raphaël Varane 93
84%
4 Thierry Henry 123
84%
2 Lilian Thuram 142
81%
8 Didier Deschamps 103
77%
9 Laurent Blanc 97
75%
9 Bixente Lizarazu 97
72%
5 Marcel Desailly 116
68%
9 Karim Benzema 97
60%
7 Patrick Vieira 107
57%
Aucun quiz correspondant
Distribution des résultats
% des personnes avec chaque résultat
Percentile par nombre de réponses
Votre historique - résultats
Vous n’avez pas pris ce quiz